|
|
|
|
| LEADER |
00903nam a2200217 a 4500 |
| 001 |
1659109 |
| 008 |
120215s1997 ctuab b 001 0 eng d |
| 010 |
|
|
|a 97127584
|
| 020 |
|
|
|a 0961392126
|
| 040 |
|
|
|a DLC
|c DLC
|d DLC
|d BD-DhAAL
|
| 082 |
0 |
0 |
|a 302.23
|2 21
|
| 100 |
1 |
|
|a Tufte, Edward R.,
|d 1942-
|
| 245 |
1 |
0 |
|a Visual explanations :
|b images and quantities, evidence and narrative /
|c Edward R. Tufte.
|
| 260 |
|
|
|a Cheshire, Conn. :
|b Graphics Press,
|c c1997.
|
| 300 |
|
|
|a 156 p. :
|b ill. (some col.), maps (some col.) ;
|c 28 cm.
|
| 504 |
|
|
|a Includes bibliographical references and index.
|
| 541 |
|
|
|e 00024508
|
| 650 |
|
0 |
|a Visual communication.
|
| 852 |
1 |
|
|a Ayesha Abed Library
|c General shelf.
|
| 999 |
|
|
|c 11892
|d 11892
|
| 952 |
|
|
|0 0
|1 0
|4 0
|6 302_230000000000000_TUF
|7 0
|9 19443
|a BRACUL
|b BRACUL
|c GEN
|d 2012-02-16
|e Trim Education
|g 3325.00
|l 1
|o 302.23 TUF
|p 3010024508
|r 2018-02-11
|s 2018-02-04
|t 1
|w 2012-02-16
|y BK
|x Available
|